Тезисы Центрального Комитета КПСС к XIX Всесоюзной партийной конференции

Bibliografiske detaljer
Andre forfattere: Вучетич В. Е. (редактор)
Summary:Одобрены Пленумом ЦК КПСС 23 мая 1988 года
Исключено из фонда НТБ ТПУ
Sprog:russisk
Udgivet: Москва, Политиздат, 1988
Format: MixedMaterials Bog
KOHA link:https://koha.lib.tpu.ru/cgi-bin/koha/opac-detail.pl?biblionumber=260578

MARC

LEADER 00000nam0a2200000 4500
001 260578
005 20231031221210.0
010 |a 5250006256 
035 |a (RuTPU)RU\TPU\book\283531 
090 |a 260578 
100 |a 20140516d1988 k y0rusy50 ca 
101 0 |a rus 
102 |a RU 
105 |a y z 000zy 
200 1 |a Тезисы Центрального Комитета КПСС к XIX Всесоюзной партийной конференции  |f под ред. В. Е. Вучетича 
210 |a Москва  |c Политиздат  |d 1988 
215 |a 31 с. 
300 |a Одобрены Пленумом ЦК КПСС 23 мая 1988 года 
333 |a Исключено из фонда НТБ ТПУ 
702 1 |a Вучетич  |b В. Е.  |4 340 
801 1 |a RU  |b 63413507  |c 20140516 
801 2 |a RU  |b 63413507  |c 20161201  |g RCR 
942 |c BK